000 00638cam a2200217 a 4500
001 000008620
005 20200929161356.0
008 890425s1988 sp 000 0 spa
020 _z947223763X
040 _aDO-SdBNP
_cDLC
_dDLC
082 _a863.64
_bP371j
100 1 _aPedraza, Pilar.
_921722
245 1 4 _aLas joyas de la serpiente /
_cPilar Pedraza.
260 _aBarcelona :
_bTusquets,
_c1988.
300 _a254 p. ;
_c21 cm.
490 1 _aLa Flauta Mágica
_v13
650 4 _aNovela española
_91123
650 4 _aLiteratura española
_9632
830 0 _aLa Flauta Mágica ;
_v13
_923054
910 _aCatalogación por copia / LC
999 _c8390
_d8390